Click the Official Language- Hard Version - Statistics

General Stats
  • This quiz has been taken 152 times
    87 since last reset
  • The average score is 62 of 76
Answers on the Map
Answers color-coded by a green-red scale on the quiz's map according to % correct below.
 
Answer Stats
Answer % Correct
English
100%
German
100%
Spanish
100%
French
99%
Italian
99%
Russian
99%
Arabic
97%
Danish
97%
Dutch
97%
Czech
96%
Korean
96%
Mandarin
96%
Portuguese
96%
Hindi
94%
Hungarian
93%
Estonian
91%
Finnish
91%
Greek
91%
Icelandic
91%
Latvian
91%
Lithuanian
91%
Romanian
91%
Ukrainian
91%
Albanian
90%
Croatian
90%
Polish
90%
Serbian
90%
Macedonian
88%
Maltese
88%
Norwegian
88%
Swedish
88%
Vietnamese
88%
Bulgarian
87%
Mongolian
87%
Slovene
87%
Turkish
87%
Bengali
85%
Indonesian
85%
Malagasy
85%
Malay
85%
Nepali
85%
Persian
85%
Thai
85%
Slovak
84%
Uzbek
84%
Azerbaijani
82%
Montenegrin
82%
Armenian
81%
Hebrew
81%
Khmer
81%
Kyrgyz
81%
Lao
81%
Swahili
81%
Tajik
81%
Georgian
79%
Urdu
79%
Burmese
78%
Comorian
78%
Amharic
76%
Tagalog
76%
Turkmen
76%
Zulu
76%
Sotho
73%
Dari
66%
Sinhala
64%
Catalan
63%
Dzongkha
61%
Swati
61%
Kinyarwanda
57%
Kirundi
57%
Morisien
55%
Bambara
54%
Dhivehi
51%
Tetum
49%
Shona
48%
Chichewa
40%
No matching quizzes found
Score Distribution
Percent of People with Each Score
Percentile by Number Answered
Your Score History
You have not taken this quiz since the last reset